01914nam a2200241Ia 450000500170000000800410001704000440005804100080010208200140011010000370012424500430016126000540020430000360025849000380029450006550033250504640098750600220145165000600147365000560153365000530158965000170164265000130165920240117085806.0130821s1935 ck fr dspa  aCo-BoUCMbspacSandra YazodSandra Yazo00aspa04a320.12201 aTorres, Carlos Arturod1867-191110aIdola Fori.cpor Carlos Arturo Torres. aBogotá (Colombia)bEditorial Minerva S. Ac1935 a207, [1] páginasc18 x 14 cm. 0aBiblioteca Aldeana de Colombiav9 aDetalles físicos: Sin encuadernación original. Actualmente: Encuadernación rígida (holandesa) en cartón forrado en papel jaspeado en tono azul. Lomo de tela, con letras y líneas decorativas en dorado. Cortes decorados (jaspeado azul). Guardas. Hoja de cortesía. Portada impresa en una sola tinta. Grabado con el emblema de la Colección. Texto impreso en una sola columna, con diferentes tipos y tamaños de letra. Notas de pie de página. Papel oxidado en bordes de las hojas. En la encuadernación (lomo) se indica una numeración (9). Colección Aldeana de Colombia es una selección de Samper Ortega de Literatura Colombiana.0 aCarlos Arturo Torres / Manuel Antonio Bonilla ; Idola Fori: Prólogo / Jorge Enrique Rodo ; Capítulos I al X: Los ídolos del Foro ; Evolución y unidad mental ; Rotación de las ideas – Concepto científico ; - Concepto histórico – Concepto político ; Las supersticiones democráticas ; Las supersticiones aristocráticas ; Corrientes filosóficas en la América Latina ; Corrientes políticas en la América Española ; Hacia el futuro aConsulta en sala  7aFilosofía de la historiavEnsayos, conferencias, etc. 7aFilosofía políticavEnsayos, conferencias, etc. 7aTeoría políticavEnsayos, conferencias, etc. 7aPositivismo  7aDerecho